000 01594cam a2200385 a 4500
001 EDZ0000019089
003 StDuBDS
005 20161031105132.0
006 m||||||||d||||||||
007 cr |||||||||||
008 110107s2005 caua fo 001|0|eng d
020 _a9781412976237 (ebook) :
_cNo price
040 _aStDuBDS
_beng
_cStDuBDS
_epn
049 _aAlfaisal Main Library
050 4 _aRC564
082 0 4 _a616.860651
_222
245 0 0 _aHandbook of implicit cognition and addiction
_h[electronic resource] /
_ceditors, Reinout W. Wiers, Alan W. Stacy.
260 _aThousand Oaks, [Calif.] ;
_aLondon :
_bSAGE,
_c2005.
300 _a1 online resource (550 p.) :
_bill.
520 8 _a'Handbook of Implicit Cognition and Addiction' brings together developments in basic research on implicit cognition with recent developments in addiction research, thus providing an opportunity to move the field forward by integrating research from previously independent fields.
521 _aSpecialized.
588 _aDescription based on print version record.
504 _aIncludes bibliographical references and index.
650 0 _aSubstance abuse.
650 0 _aCompulsive behavior
_xTreatment.
650 0 _aCognition.
650 0 _aCognitive therapy.
655 7 _aElectronic books.
_2local
700 1 _aWiers, Reinout Willem Henry Jon,
_d1966-
700 1 _aStacy, Alan W.
710 2 _aSage eBooks
776 0 8 _iPrint version :
_z9781412909747
856 4 0 _uhttp://ezproxy.alfaisal.edu/login?url=http://sk.sagepub.com/reference/hdbk_addiction
942 _2lcc
_cEBOOKS
999 _c480070
_d480070